Statistics for Superheroes by Number of Appearances

Click here to take the quiz!

General Stats

  • This quiz has been taken 98 times
  • The average score is 30 of 51

Answer Stats

HintAnswer% Correct
8Iron Man
95%
5Captain America
93%
5Thor
90%
5Black Widow
89%
6Hulk
89%
7Spider-Man
89%
4Hawkeye
85%
13Batman
79%
8Superman
79%
3Scarlet Witch
75%
1Black Panther
73%
2Ant-Man
71%
4Falcon
71%
9Wolverine
69%
2Vision
68%
2Star-Lord
66%
5War Machine
66%
3Wonder Woman
66%
2Groot
65%
4Quicksilver
65%
3Flash
64%
2Gamora
64%
2Drax
63%
2Aquaman
61%
2Rocket Raccoon
61%
6Cyclops
60%
2Deadpool
60%
9Professor X
58%
2Doctor Strange
54%
1Mantis
53%
2Cyborg
51%
5Storm
51%
5Beast
50%
1Daredevil
49%
1Green Lantern
48%
4Iceman
48%
3Mr. Fantastic
48%
3Human Torch
46%
3Invisible Woman
46%
3Thing
45%
3Blade
44%
2Robin
43%
4Rogue
41%
6Phoenix
39%
1Elektra
36%
5Colossus
35%
6Mystique
35%
2Nightcrawler
35%
2Ghost Rider
34%
2Punisher
34%
1Gambit
21%

Score Distribution

Percentile by Number Answered

Percent of People with Each Score

Your Score History

You have not taken this quiz